Essay and letter writing /

Guardado en:
Autor Principal: Alexander, L. G.
Formato: Libro
Publicado: Reino Unido : Longman, 1973
Edición:2a. ed.
Materias:
Etiquetas: Agregar Etiqueta
Sin Etiquetas, Sea el primero en etiquetar este registro!
LEADER 00489nam a22001815a 4500
001 CEM.cems000432
005 20060210000000.0
008 130507s1973##################000#0#####d
003 CEMS
082 0 4 |a 428.64 
100 1 |a Alexander, L. G. 
245 1 0 |a Essay and letter writing / 
250 |a 2a. ed. 
260 |a Reino Unido :  |b Longman,  |c 1973 
300 |a 137 p. 
653 |a Ingles-enseÑanza 
653 |a Ingles-redaccion 
859 |a CEMS  |b BIB. CEMS - 11 de abril  |h 428.64  |i AL27-4  |p 5412.76  |t Ej.1